| 000 | 00448nam a2200181Ia 4500 | ||
|---|---|---|---|
| 005 | 20250318145535.0 | ||
| 008 | 231217s9999 xx 000 0 und d | ||
| 020 | _a9788122405491 | ||
| 082 | _a519.2 MED;3 | ||
| 100 | _aMedhi, J. | ||
| 245 | 0 | _aStochastic processes | |
| 250 | _a2nd ed. | ||
| 260 |
_c1984 _bNew Age International _aBangalore |
||
| 300 | _axv+598 | ||
| 500 | _aContent page available | ||
| 650 | _aStochastic | ||
| 942 | _cAA | ||
| 999 |
_c183507 _d183507 |
||